000
00306nam a22001337a 4500
008
181101b xxu||||| |||| 00| 0 eng d
020
_a
9780397518517
041
_a
eng
080
_2
3 TH
_a
616
100
_a
6
101
_a
KIR
245
_a
General Surgery Board Rewiew
_c
Gold.M.S
942
_2
udc
_c
BK
999
_c
51452
_d
51452